000 02590nam a2200421 c 4500
003 BLK
005 20180422102003.0
008 180408b bul|||||r ||||||| ||bul||
010 _aKNG00060298000
040 _aBLK
041 _aBUL
_cBUL
080 _aРезервати и други защитени територии (в цялост) и тяхната организация - Геологически, географски и ландшафтни резервати вж 502.6 ; Резервати на живата природа вж 502.7; Ловни територии вж 639.1
_b502.4
_x(100)(035)
_z502.4(100)(035)
100 1 _aБорисов, Владимир Александрович
_eпърви автор
_9286791
700 1 _aБелоусова, Людмила Сергеевна
_eсъавт.
_9286792
700 1 _aВинокуров, Ардалион Алексеевич
_eсъавт.
_9286793
700 1 _aБакалска, Мариана
_eпрев. от рус.
_9286794
700 1 _aПопов, Владимир
_eпрев. от рус.
_9369296
139 _aБорисов, Владимир Александрович и др.
_bБ 65
245 1 0 _aЗащитени природни обекти в света
_bСправ.
_cВладимир Александрович Борисов; съавт. Людмила Сергеевна Белоусова; съавт. Ардалион Алексеевич Винокуров; прев. от рус. Мариана Бакалска; прев. от рус. Владимир Попов.
257 _aRUS
260 София
_bД-р Петър Берон
_c1988
300 _a352 с.
_bс к.
_c20 см
380 _a5
500 _aОриг. загл. Охраняемые природные территории мира / В. А. Борисов, Л. С. Белоусова, А. А. Винокуров ; Авт. не са отбелязани на кор.. - библиогр. с. 301-307 ; Указ. на ориг. названия на защитените територии.
650 4 _aРезервати
_9169152
650 4 _aНационални паркове
_9286795
650 4 _aПриродни забележителности
_9255499
653 _aрезервати
653 _aприродни забележителности
653 _aнационални паркове
653 _aзащитени местности
653 _aсправочници
852 _aЦб 152599
856 4 _qpdf
_u
856 4 _qpdf
_u
942 _cKNG
_n0
944 _aCR
_c13.06.2004
_kЛюдмила_Стоянова
944 _aED
_c06.02.2009
_k
999 _c56318
_d56318